La explotación de nuestros valiosos recursos hidráulicos y nacionalización de los servicios eléctricos
Gespeichert in:
| 1. Verfasser: | |
|---|---|
| Format: | Unbekannt |
| Veröffentlicht: |
[San José, Costa Rica]
1948
|
| Schlagworte: | |
| Tags: |
Tag hinzufügen
Keine Tags, Fügen Sie den ersten Tag hinzu!
|
MARC
| LEADER | 00000 a2200000 4500 | ||
|---|---|---|---|
| 003 | 010958 | ||
| 005 | 20221231143800.0 | ||
| 008 | 140114s1948 c a m 000 ||s d | ||
| 040 | |c cru CEDI | ||
| 090 | |a TFG 022 | ||
| 100 | |a González Truque, Hernando |9 17007 | ||
| 245 | |a La explotación de nuestros valiosos recursos hidráulicos y nacionalización de los servicios eléctricos | ||
| 260 | |c 1948 |a [San José, Costa Rica] | ||
| 300 | |a [21] hojas diagramas, gráficos (plegables) ; 29 cm | ||
| 500 | |a Tesis (Ingeniero Civil) Universidad de Costa Rica. | ||
| 501 | |a Ed. mecanografiada | ||
| 650 | |x INGENIERÍA HIDRAÚLICA |9 17008 | ||
| 942 | |c TFG | ||
| 999 | |c 11896 |d 11896 | ||
